[Event "Corfu GM Tournament"]
[Site "Corfu"]
[Date "2007.10.01"]
[Round "1.1"]
[White "Karpatchev, Aleksandr"]
[Black "Savchenko, Stanislav"]
[Result "1/2-1/2"]
[WhiteElo "2469"]
[BlackElo "2604"]
[PlyCount "27"]
[EventDate "2007.10.01"]

1. e4 c5 2. c3 Nf6 3. e5 Nd5 4. d4 cxd4 5. Nf3 Nc6 6. cxd4 d6 7. Bc4 Nb6 8. Bb5
dxe5 9. Nxe5 Bd7 10. Nc3 Nxe5 11. dxe5 Bxb5 12. Nxb5 Qxd1+ 13. Kxd1 Nd5 14. Ke2
1/2-1/2

[Event "Corfu GM Tournament"]
[Site "Corfu"]
[Date "2007.10.01"]
[Round "1.2"]
[White "Khetsuriani, Besarion"]
[Black "Shneider, Aleksandr"]
[Result "1/2-1/2"]
[WhiteElo "2337"]
[BlackElo "2543"]
[PlyCount "31"]
[EventDate "2007.10.01"]

1. Nf3 Nf6 2. c4 e6 3. g3 d5 4. Bg2 dxc4 5. Qa4+ Nbd7 6. Qxc4 c5 7. O-O b6 8.
d4 Bb7 9. Bg5 Rc8 10. Nc3 cxd4 11. Qxd4 Bc5 12. Qh4 O-O 13. Rad1 Qe8 14. Rd2
Nd5 15. Nxd5 exd5 16. Nd4 1/2-1/2

[Event "Corfu GM Tournament"]
[Site "Corfu"]
[Date "2007.10.01"]
[Round "1.5"]
[White "Bronznik, Valerij"]
[Black "Kapnisis, Spyridon"]
[Result "1/2-1/2"]
[WhiteElo "2382"]
[BlackElo "2411"]
[PlyCount "98"]
[EventDate "2007.10.01"]

1. d4 d5 2. Nf3 Nf6 3. e3 c6 4. Bd3 Bg4 5. Nbd2 Nbd7 6. O-O e5 7. dxe5 Nxe5 8.
Be2 Ned7 9. c4 Be7 10. b3 O-O 11. Bb2 a5 12. Nd4 Bxe2 13. Qxe2 g6 14. cxd5 Nxd5
15. e4 Nf4 16. Qf3 Bg5 17. Nc4 Nc5 18. Rad1 Nfd3 19. Ba1 Re8 20. a3 Ra6 21. a4
Bf6 22. e5 Nxe5 23. Nxe5 Bxe5 24. Nxc6 Bxh2+ 25. Kxh2 Qh4+ 26. Kg1 Rxc6 27. Qc3
f6 28. Qxa5 Qg4 29. Rfe1 Rec8 30. Rd8+ Kf7 31. b4 b6 32. Qa7+ R8c7 33. Qa8 Qxb4
34. Rf8+ Kg7 35. Rg8+ Kh6 36. Qe8 Qc4 37. Qe3+ g5 38. Qh3+ Qh4 39. Qf5 Re6 40.
Rxe6 Nxe6 41. Qxf6+ Kh5 42. Rc8 Rd7 43. Qf3+ Qg4 44. Qxg4+ Kxg4 45. Kh2 Rd2 46.
f3+ Kf5 47. Rc6 Nd4 48. Bxd4 Rxd4 49. Rxb6 Rxa4 1/2-1/2

[Event "Corfu GM Tournament"]
[Site "Corfu"]
[Date "2007.10.02"]
[Round "2.2"]
[White "Nikolaidis, Konstantinos"]
[Black "Bronznik, Valerij"]
[Result "1/2-1/2"]
[WhiteElo "2314"]
[BlackElo "2382"]
[PlyCount "24"]
[EventDate "2007.10.01"]

1. d4 f5 2. g3 Nf6 3. Bg2 e6 4. c4 c6 5. Qc2 d5 6. Nh3 Bd6 7. O-O O-O 8. Bf4
Be7 9. Nd2 h6 10. Bxb8 Rxb8 11. Nf4 Qe8 12. Nf3 Bd6 1/2-1/2

[Event "Corfu GM Tournament"]
[Site "Corfu"]
[Date "2007.10.02"]
[Round "2.3"]
[White "Simeonidis, Ioannis"]
[Black "Shavtvaladze, Nikoloz"]
[Result "1/2-1/2"]
[WhiteElo "2268"]
[BlackElo "2408"]
[PlyCount "34"]
[EventDate "2007.10.01"]

1. d4 Nf6 2. Nf3 e6 3. e3 c5 4. c4 d5 5. Nc3 Nc6 6. cxd5 Nxd5 7. Bd3 cxd4 8.
exd4 Be7 9. O-O O-O 10. a3 Nxc3 11. bxc3 b6 12. Re1 Bb7 13. h4 Bf6 14. Ng5 g6
15. Qg4 h5 16. Qh3 e5 17. Qg3 exd4 1/2-1/2

[Event "Corfu GM Tournament"]
[Site "Corfu"]
[Date "2007.10.02"]
[Round "2.5"]
[White "Karpatchev, Aleksandr"]
[Black "Khetsuriani, Besarion"]
[Result "1-0"]
[WhiteElo "2469"]
[BlackElo "2337"]
[PlyCount "65"]
[EventDate "2007.10.01"]

1. e4 e6 2. d4 d5 3. Nd2 Ne7 4. Ngf3 Nd7 5. c3 c5 6. e5 Nc6 7. Bd3 Qb6 8. O-O
cxd4 9. cxd4 Nxd4 10. Nxd4 Qxd4 11. Nf3 Qb6 12. Qa4 Qb4 13. Qc2 Qc5 14. Qe2 Qb6
15. Be3 Bc5 16. Bd2 Bb4 17. Bf4 Be7 18. Rac1 a6 19. Rc3 Qd8 20. Rfc1 Nf8 21. h4
Bd7 22. h5 Rc8 23. Rxc8 Bxc8 24. Be3 h6 25. Qc2 Bd7 26. Qb3 Qa8 27. Nd4 Bd8 28.
a4 Bc6 29. Bd2 Nd7 30. Nxe6 fxe6 31. Bg6+ Kf8 32. Bb4+ Kg8 33. Qh3 1-0

[Event "Corfu GM Tournament"]
[Site "Corfu"]
[Date "2007.10.03"]
[Round "3.2"]
[White "Dembo, Yelena"]
[Black "Karpatchev, Aleksandr"]
[Result "1/2-1/2"]
[WhiteElo "2448"]
[BlackElo "2469"]
[PlyCount "32"]
[EventDate "2007.10.01"]

1. e4 e5 2. Nf3 Nc6 3. d4 exd4 4. Nxd4 Bc5 5. Be3 Qf6 6. c3 Nge7 7. Bc4 O-O 8.
O-O b6 9. Nc2 Bb7 10. Nd2 Rad8 11. Bd5 Nxd5 12. exd5 Ne7 13. Bxc5 bxc5 14. c4
d6 15. Ne4 Qg6 16. Nc3 c6 1/2-1/2

[Event "Corfu GM Tournament"]
[Site "Corfu"]
[Date "2007.10.03"]
[Round "3.3"]
[White "Shavtvaladze, Nikoloz"]
[Black "Shneider, Aleksandr"]
[Result "1/2-1/2"]
[WhiteElo "2408"]
[BlackElo "2543"]
[PlyCount "41"]
[EventDate "2007.10.01"]

1. e4 c5 2. Nf3 d6 3. d4 cxd4 4. Nxd4 Nf6 5. Nc3 a6 6. Be3 e6 7. g4 h6 8. Bg2
g5 9. Qe2 Nbd7 10. O-O-O Ne5 11. h3 Bd7 12. Nf3 Rc8 13. Nxe5 dxe5 14. h4 Rg8
15. hxg5 hxg5 16. f3 Bb4 17. Bd2 Bc5 18. Be3 Bb4 19. Bd2 Bc5 20. Be3 Bb4 21.
Bd2 1/2-1/2

[Event "Corfu GM Tournament"]
[Site "Corfu"]
[Date "2007.10.03"]
[Round "3.4"]
[White "Bronznik, Valerij"]
[Black "Simeonidis, Ioannis"]
[Result "1/2-1/2"]
[WhiteElo "2382"]
[BlackElo "2268"]
[PlyCount "42"]
[EventDate "2007.10.01"]

1. d4 Nf6 2. c4 e6 3. Nc3 Bb4 4. Qc2 O-O 5. Bg5 c5 6. d5 h6 7. Bh4 exd5 8. cxd5
d6 9. O-O-O Nbd7 10. Nf3 Qa5 11. h3 Re8 12. Nd2 Bxc3 13. bxc3 b5 14. e4 Ba6 15.
g4 c4 16. Bg3 Ne5 17. Qb2 Rab8 18. a3 Rbc8 19. Qb4 Qb6 20. Kc2 Nfd7 21. f3 Nc5
1/2-1/2

[Event "Corfu GM Tournament"]
[Site "Corfu"]
[Date "2007.10.03"]
[Round "3.5"]
[White "Kapnisis, Spyridon"]
[Black "Nikolaidis, Konstantinos"]
[Result "0-1"]
[WhiteElo "2411"]
[BlackElo "2314"]
[PlyCount "86"]
[EventDate "2007.10.01"]

1. d4 Nf6 2. Nf3 e6 3. c4 b6 4. g3 Ba6 5. b3 Bb7 6. Bg2 Bb4+ 7. Bd2 c5 8. O-O
O-O 9. Bxb4 cxb4 10. a3 bxa3 11. d5 Na6 12. Nc3 exd5 13. Nh4 g6 14. cxd5 d6 15.
Rxa3 Nb4 16. Qd2 a5 17. Raa1 Re8 18. Rac1 Rc8 19. Rfe1 Rc7 20. e4 Nd7 21. Re3
Ba6 22. Na4 Rxc1+ 23. Qxc1 Ne5 24. Nf3 Ng4 25. h3 Nxe3 26. Qxe3 Nxd5 27. Qh6
Nf6 28. Ng5 Bd3 29. Nc3 Re5 30. f4 Rc5 31. Nd5 Rxd5 32. exd5 Qe7 33. Kh2 b5 34.
Qh4 Qe3 35. Nf3 Ne4 36. f5 a4 37. bxa4 bxa4 38. Qd8+ Kg7 39. f6+ Nxf6 40. Qxd6
Be4 41. Qe5 Qf2 42. Nh4 Bxd5 43. Qc3 g5 0-1

[Event "Corfu GM Tournament"]
[Site "Corfu"]
[Date "2007.10.04"]
[Round "4.1"]
[White "Savchenko, Stanislav"]
[Black "Nikolaidis, Konstantinos"]
[Result "1/2-1/2"]
[WhiteElo "2604"]
[BlackElo "2314"]
[PlyCount "51"]
[EventDate "2007.10.01"]

1. d4 Nf6 2. Nf3 e6 3. c4 b6 4. g3 Ba6 5. Qc2 Bb7 6. Bg2 c5 7. d5 exd5 8. cxd5
Nxd5 9. O-O Be7 10. Rd1 Nf6 11. Nc3 O-O 12. e4 Nc6 13. e5 Ne8 14. Nd5 Nc7 15.
Nxe7+ Qxe7 16. Ng5 g6 17. Qa4 Kg7 18. Qf4 Ne8 19. Ne4 Qxe5 20. Qh6+ Kg8 21. Ng5
Nf6 22. Bf4 Qxb2 23. Rab1 Qxa2 24. h3 Rfe8 25. Bd5 Re1+ 26. Rxe1 1/2-1/2

[Event "Corfu GM Tournament"]
[Site "Corfu"]
[Date "2007.10.05"]
[Round "5.1"]
[White "Dembo, Yelena"]
[Black "Savchenko, Stanislav"]
[Result "0-1"]
[WhiteElo "2448"]
[BlackElo "2604"]
[PlyCount "136"]
[EventDate "2007.10.01"]

1. e4 c5 2. Nf3 d6 3. d4 cxd4 4. Nxd4 Nf6 5. Nc3 a6 6. Bc4 e6 7. a4 Be7 8. O-O
Nc6 9. Ba2 O-O 10. Kh1 Bd7 11. Be3 b5 12. axb5 Nxd4 13. Bxd4 axb5 14. Bxf6 Bxf6
15. Qxd6 Qe7 16. Qxe7 Bxe7 17. Ne2 Bf6 18. c3 Bc6 19. f3 Rfd8 20. Nd4 Bxd4 21.
cxd4 Rxd4 22. Rac1 Rxa2 23. Rxc6 g6 24. Rc2 Kg7 25. g3 Rb4 26. Rb1 g5 27. h3 h5
28. Kg2 Kf6 29. Kf2 Rb3 30. Kg2 Kg6 31. Rd2 Rb4 32. Kf2 g4 33. hxg4 hxg4 34.
Rc2 gxf3 35. Kxf3 e5 36. Rc5 f6 37. b3 Rd2 38. Rc3 Rbd4 39. Re3 R4d3 40. Rbe1
Rxe3+ 41. Rxe3 Kg5 42. Rc3 Rb2 43. Re3 Rb1 44. Rc3 Rd1 45. Ke2 Rd4 46. Kf3 Rb4
47. Re3 Rd4 48. Rc3 b4 49. Re3 f5 50. Re1 Kg6 51. Re2 Kf6 52. Re3 Ke6 53. Re2
Rd3+ 54. Re3 fxe4+ 55. Kxe4 Rd4+ 56. Kf3 Kf5 57. Kf2 e4 58. Ke2 Rd8 59. Kf2 Ke5
60. Re2 Rf8+ 61. Kg2 Rf3 62. Ra2 Rxb3 63. Ra5+ Kd4 64. g4 Ra3 65. Rb5 b3 66.
Rb8 Kc3 67. Rc8+ Kd2 68. Rd8+ Kc2 0-1

[Event "Corfu GM Tournament"]
[Site "Corfu"]
[Date "2007.10.05"]
[Round "5.4"]
[White "Kapnisis, Spyridon"]
[Black "Shneider, Aleksandr"]
[Result "1/2-1/2"]
[WhiteElo "2411"]
[BlackElo "2543"]
[PlyCount "38"]
[EventDate "2007.10.01"]

1. e4 c5 2. Nf3 d6 3. d4 cxd4 4. Nxd4 Nf6 5. Nc3 a6 6. Bg5 e6 7. f4 Be7 8. Qf3
h6 9. Bh4 Nbd7 10. O-O-O Qc7 11. Be2 Rb8 12. Qg3 Rg8 13. e5 dxe5 14. Nxe6 fxe6
15. Qg6+ Kf8 16. Ne4 exf4 17. Bxf6 Nxf6 18. Nxf6 gxf6 19. Qxh6+ Rg7 1/2-1/2

[Event "Corfu GM Tournament"]
[Site "Corfu"]
[Date "2007.10.05"]
[Round "5.5"]
[White "Nikolaidis, Konstantinos"]
[Black "Simeonidis, Ioannis"]
[Result "1/2-1/2"]
[WhiteElo "2314"]
[BlackElo "2268"]
[PlyCount "30"]
[EventDate "2007.10.01"]

1. e4 e5 2. Nf3 Nc6 3. Bb5 a6 4. Ba4 Nf6 5. O-O Be7 6. Re1 b5 7. Bb3 O-O 8. c3
d5 9. exd5 Nxd5 10. Nxe5 Nxe5 11. Rxe5 c6 12. d4 Bd6 13. Re1 Qh4 14. g3 Qh3 15.
Be3 Bg4 1/2-1/2

[Event "Corfu GM Tournament"]
[Site "Corfu"]
[Date "2007.10.06"]
[Round "6.1"]
[White "Savchenko, Stanislav"]
[Black "Simeonidis, Ioannis"]
[Result "1/2-1/2"]
[WhiteElo "2604"]
[BlackElo "2268"]
[PlyCount "47"]
[EventDate "2007.10.01"]

1. d4 Nf6 2. c4 e6 3. Nc3 Bb4 4. Qc2 O-O 5. a3 Bxc3+ 6. Qxc3 Ne4 7. Qc2 f5 8.
e3 b6 9. Ne2 Bb7 10. f3 Nf6 11. Nc3 Nh5 12. Bd3 c5 13. O-O Nc6 14. d5 Ne5 15.
Bd2 Nxd3 16. Qxd3 e5 17. f4 exf4 18. exf4 Qf6 19. a4 a6 20. Qf3 Qf7 21. Rae1
Rae8 22. b3 d6 23. Rxe8 Rxe8 24. Re1 1/2-1/2

[Event "Corfu GM Tournament"]
[Site "Corfu"]
[Date "2007.10.06"]
[Round "6.2"]
[White "Shneider, Aleksandr"]
[Black "Nikolaidis, Konstantinos"]
[Result "1/2-1/2"]
[WhiteElo "2543"]
[BlackElo "2314"]
[PlyCount "60"]
[EventDate "2007.10.01"]

1. d4 Nf6 2. c4 e6 3. Nf3 b6 4. g3 Ba6 5. Nbd2 d5 6. cxd5 exd5 7. Bg2 Be7 8.
Ne5 O-O 9. O-O c5 10. dxc5 bxc5 11. Ndc4 Bb7 12. Qb3 Bc6 13. Ne3 c4 14. Qd1 Bb7
15. N5xc4 Na6 16. Nf5 Bc5 17. Bg5 Rb8 18. Ne5 h6 19. Bf4 Nh5 20. e3 Nxf4 21.
gxf4 Qf6 22. Nd4 Rfd8 23. Rc1 Ba8 24. b3 Ba3 25. Rc2 Nc5 26. Qg4 Bb7 27. Qf5
Qxf5 28. Nxf5 Ne6 29. Ne7+ Bxe7 30. f5 Nc5 1/2-1/2

[Event "Corfu GM Tournament"]
[Site "Corfu"]
[Date "2007.10.06"]
[Round "6.3"]
[White "Karpatchev, Aleksandr"]
[Black "Kapnisis, Spyridon"]
[Result "1/2-1/2"]
[WhiteElo "2469"]
[BlackElo "2411"]
[PlyCount "100"]
[EventDate "2007.10.01"]

1. e4 e5 2. Nf3 Nc6 3. d4 exd4 4. Bc4 Nf6 5. e5 d5 6. Bb5 Nd7 7. O-O Be7 8.
Bxc6 bxc6 9. Nxd4 Nb8 10. Nc3 O-O 11. Qf3 f6 12. e6 Bc5 13. Nce2 Re8 14. Qg4 h5
15. Qg3 Bxe6 16. Nxe6 Rxe6 17. Nf4 Re4 18. Nxh5 Bf8 19. Bf4 Na6 20. Rfe1 Qe7
21. Rxe4 dxe4 22. Qb3+ Qf7 23. Qb7 Rd8 24. Ng3 Nb4 25. Qxa7 Nxc2 26. Rf1 g5 27.
Bc1 Re8 28. Qa4 Nb4 29. a3 Nd3 30. Qxc6 f5 31. Bxg5 Re6 32. Qc2 Qg6 33. h4 f4
34. Ne2 Bd6 35. b4 Kh7 36. Qc6 f3 37. Qd7+ Kg8 38. Nd4 Re7 39. Qf5 Qg7 40. Nxf3
exf3 41. Qxd3 Qe5 42. g3 Rf7 43. Qg6+ Rg7 44. Qf6 Qe4 45. Qc3 Qg4 46. Kh2 Rxg5
47. hxg5 Qh4+ 48. Kg1 Bxg3 49. Qb3+ Kg7 50. Qc3+ Kg8 1/2-1/2

[Event "Corfu GM Tournament"]
[Site "Corfu"]
[Date "2007.10.06"]
[Round "6.5"]
[White "Dembo, Yelena"]
[Black "Shavtvaladze, Nikoloz"]
[Result "1/2-1/2"]
[WhiteElo "2448"]
[BlackElo "2408"]
[PlyCount "25"]
[EventDate "2007.10.01"]

1. e4 c6 2. d4 d5 3. e5 Bf5 4. Be3 e6 5. Nd2 Nd7 6. Ngf3 Ne7 7. Be2 c5 8. dxc5
Nc6 9. O-O Bxc5 10. Bf4 O-O 11. Nb3 Bb6 12. Bb5 Bg4 13. Bxc6 1/2-1/2

[Event "Corfu GM Tournament"]
[Site "Corfu"]
[Date "2007.10.08"]
[Round "7.2"]
[White "Bronznik, Valerij"]
[Black "Dembo, Yelena"]
[Result "1/2-1/2"]
[WhiteElo "2382"]
[BlackElo "2448"]
[PlyCount "63"]
[EventDate "2007.10.01"]

1. d4 Nf6 2. c4 g6 3. d5 Bg7 4. Nc3 d6 5. e4 O-O 6. Nf3 e5 7. h3 Nh5 8. Nh2 Qe8
9. Be2 Nf4 10. Bf3 f5 11. g3 fxe4 12. Nxe4 Nh5 13. h4 Bf5 14. Ng4 Kh8 15. O-O
Nd7 16. Re1 Bxe4 17. Bxe4 Qf7 18. Be3 Ndf6 19. Nxf6 Qxf6 20. Rf1 Rae8 21. c5
dxc5 22. Bxc5 Rf7 23. Qa4 Ra8 24. Rad1 Bf8 25. Be3 Bd6 26. Qb5 b6 27. Qe2 Kg8
28. Bg2 Qe7 29. Bg5 Qe8 30. Bh6 Ng7 31. Bxg7 Kxg7 32. Bh3 1/2-1/2

[Event "Corfu GM Tournament"]
[Site "Corfu"]
[Date "2007.10.08"]
[Round "7.3"]
[White "Kapnisis, Spyridon"]
[Black "Khetsuriani, Besarion"]
[Result "1/2-1/2"]
[WhiteElo "2411"]
[BlackElo "2337"]
[PlyCount "94"]
[EventDate "2007.10.01"]

1. e4 Nc6 2. Nf3 d6 3. d4 Nf6 4. Nc3 g6 5. Be3 Bg7 6. Qd2 h6 7. h3 e6 8. Bb5
Bd7 9. e5 dxe5 10. dxe5 Ng8 11. O-O-O a6 12. Bxc6 Bxc6 13. Qe2 Qc8 14. Nd4 Ne7
15. f4 b6 16. Nxc6 Nxc6 17. Bf2 Qb7 18. Bh4 Ne7 19. Ne4 Nf5 20. Qf3 c6 21. Qa3
c5 22. Qf3 Rb8 23. g4 Nxh4 24. Nd6+ Ke7 25. Qxb7+ Rxb7 26. Nxb7 g5 27. Rd6 gxf4
28. Rxb6 Bxe5 29. Nxc5 Bd4 30. Rb7+ Kf6 31. Nb3 Be3+ 32. Kd1 f3 33. Rd7 Rb8 34.
Rf1 e5 35. Rd3 Bf4 36. Rdxf3 Nxf3 37. Rxf3 a5 38. a4 Rb4 39. Ke2 Rxa4 40. Nc5
Rc4 41. Nd3 Rxc2+ 42. Kd1 Rd2+ 43. Ke1 Rg2 44. Nxf4 exf4 45. Rxf4+ Kg6 46. Ra4
Rxb2 47. Rxa5 Rb3 1/2-1/2

[Event "Corfu GM Tournament"]
[Site "Corfu"]
[Date "2007.10.08"]
[Round "7.4"]
[White "Nikolaidis, Konstantinos"]
[Black "Karpatchev, Aleksandr"]
[Result "0-1"]
[WhiteElo "2314"]
[BlackElo "2469"]
[Annotator "mw"]
[PlyCount "65"]
[EventDate "2007.10.01"]

1. d4 d5 2. c4 dxc4 3. Nf3 Nf6 4. Nc3 a6 5. e4 b5 6. e5 Nd5 7. a4 e6 8. axb5
Nb6 9. Be3 Be7 10. Nd2 Bb7 11. Qg4 Kf8 12. Nxc4 Nd5 13. bxa6 Nxa6 14. Be2 h5
15. Qh3 Nxe3 16. Nxe3 Qxd4 17. Bf3 Nc5 18. Rxa8+ Bxa8 19. Bxa8 Nd3+ 20. Kf1
Nxb2 21. Nc2 Qc4+ 22. Kg1 Na4 23. Nxa4 Qxc2 24. g4 Qxa4 25. Bf3 h4 26. Kg2 Bc5
27. Rd1 Qc2 28. Kh1 Qxf2 29. Qg2 Qe3 30. Be2 g5 31. Rd7 Qxe5 32. Qf1 Qe4+ 33.
Bf3 $138 0-1

[Event "Corfu GM Tournament"]
[Site "Corfu"]
[Date "2007.10.09"]
[Round "8.2"]
[White "Karpatchev, Aleksandr"]
[Black "Simeonidis, Ioannis"]
[Result "1-0"]
[WhiteElo "2469"]
[BlackElo "2268"]
[PlyCount "143"]
[EventDate "2007.10.01"]

1. e4 c6 2. d4 d5 3. Nc3 dxe4 4. Nxe4 Nd7 5. Ng5 e6 6. Bd3 Ngf6 7. N1f3 Bd6 8.
Qe2 h6 9. Ne4 Nxe4 10. Qxe4 Nf6 11. Qh4 Rg8 12. Nd2 g5 13. Qxh6 Bf8 14. Qh3
Qxd4 15. Nb3 Qg4 16. Qxg4 Nxg4 17. Be2 e5 18. Bd2 Bf5 19. h3 Nf6 20. O-O-O
O-O-O 21. Be3 b6 22. Rxd8+ Kxd8 23. Rd1+ Kc7 24. Bc4 Be4 25. Bxf7 Rg7 26. Be6
Bxg2 27. Rg1 Bd5 28. Bxd5 cxd5 29. Rxg5 Rxg5 30. Bxg5 Ne4 31. Bh4 Bh6+ 32. Kd1
Kd7 33. Nc1 Ke6 34. Nd3 Nd2 35. Ke2 e4 36. Ne1 b5 37. Bd8 Nc4 38. b3 Ne5 39.
Ba5 d4 40. f3 e3 41. Nd3 Ng6 42. c3 Bg7 43. cxd4 Bxd4 44. Bc7 Kf5 45. Bd6 a5
46. Bc5 Nf4+ 47. Nxf4 Bxc5 48. Ng2 a4 49. Nxe3+ Kf4 50. Nd5+ Ke5 51. Nc3 axb3
52. axb3 b4 53. Ne4 Ba7 54. h4 Kd4 55. h5 Bb8 56. h6 Be5 57. h7 Bg7 58. Kd2 Ke5
59. Kd3 Kf5 60. Kc4 Kg6 61. Kxb4 Kxh7 62. Kc5 Kg6 63. b4 Bf8+ 64. Nd6 Kf6 65.
Kd5 Ke7 66. Ne4 Kd7 67. Nc5+ Kc8 68. Kc6 Bh6 69. b5 Kb8 70. b6 Ka8 71. Ne6 Kb8
72. f4 1-0

[Event "Corfu GM Tournament"]
[Site "Corfu"]
[Date "2007.10.09"]
[Round "8.3"]
[White "Khetsuriani, Besarion"]
[Black "Nikolaidis, Konstantinos"]
[Result "1-0"]
[WhiteElo "2337"]
[BlackElo "2314"]
[PlyCount "129"]
[EventDate "2007.10.01"]

1. Nf3 Nf6 2. c4 g6 3. g3 Bg7 4. Bg2 d6 5. O-O O-O 6. Nc3 Nc6 7. d3 h6 8. Rb1
a5 9. a3 e5 10. b4 axb4 11. axb4 Be6 12. b5 Ne7 13. Bb2 Rb8 14. Qc2 Nh5 15. Nd2
f5 16. Nd5 g5 17. Ra1 Nf6 18. Nxf6+ Bxf6 19. Ra7 b6 20. Nb1 Qd7 21. Nc3 Nc8 22.
Ra4 f4 23. Nd5 Bh3 24. d4 Bxg2 25. Kxg2 Bg7 26. Qe4 exd4 27. Bxd4 Bxd4 28. Qxd4
Qe6 29. Qd3 Rf7 30. Rfa1 Kg7 31. Ra8 Rxa8 32. Rxa8 h5 33. gxf4 gxf4 34. Kh1 f3
35. exf3 Qh3 36. Ra1 Qxf3+ 37. Qxf3 Rxf3 38. Ra8 Ne7 39. Nxe7 Rxf2 40. Nd5 h4
41. h3 Rc2 42. Ra7 Rxc4 43. Rxc7+ Rxc7 44. Nxc7 Kf7 45. Kg2 Kf6 46. Kf3 Ke5 47.
Ke3 d5 48. Na8 d4+ 49. Kd3 Kd5 50. Nxb6+ Kc5 51. Nc4 Kxb5 52. Kxd4 Kc6 53. Ne5+
Kd6 54. Nf3 Ke6 55. Ke4 Kf6 56. Kf4 Kg6 57. Kg4 Kh6 58. Kxh4 Kg6 59. Kg4 Kh6
60. h4 Kg6 61. h5+ Kh6 62. Ne5 Kg7 63. Kg5 Kh7 64. h6 Kg8 65. Kg6 1-0

[Event "Corfu GM Tournament"]
[Site "Corfu"]
[Date "2007.10.09"]
[Round "8.5"]
[White "Shavtvaladze, Nikoloz"]
[Black "Bronznik, Valerij"]
[Result "1/2-1/2"]
[WhiteElo "2408"]
[BlackElo "2382"]
[PlyCount "20"]
[EventDate "2007.10.01"]

1. Nf3 f5 2. d3 d6 3. e4 e5 4. Nc3 Nf6 5. exf5 Bxf5 6. d4 e4 7. Nh4 Be6 8. d5
Bd7 9. g3 Be7 10. Ng2 O-O 1/2-1/2

[Event "Corfu GM Tournament"]
[Site "Corfu"]
[Date "2007.10.10"]
[Round "9.2"]
[White "Kapnisis, Spyridon"]
[Black "Shavtvaladze, Nikoloz"]
[Result "1/2-1/2"]
[WhiteElo "2411"]
[BlackElo "2408"]
[PlyCount "86"]
[EventDate "2007.10.01"]

1. e4 e6 2. d4 d5 3. Nd2 dxe4 4. Nxe4 Nd7 5. Bd3 Ngf6 6. Qe2 c5 7. Nxf6+ Nxf6
8. dxc5 Bxc5 9. Bd2 O-O 10. O-O-O e5 11. Nf3 Bg4 12. Bg5 Qb6 13. Bxf6 Qxf6 14.
Qe4 Qf4+ 15. Rd2 Qxe4 16. Bxe4 Bxf3 17. Bxf3 Rab8 18. Rd5 Bxf2 19. Rxe5 Bh4 20.
Rd1 b6 21. Rd7 a5 22. Bd5 Bf6 23. Rf5 Rbd8 24. Rb7 Rd6 25. c4 g6 26. Rf3 h5 27.
Kc2 Kg7 28. Kb3 h4 29. Rf2 Kh6 30. Rxf7 Rxf7 31. Bxf7 Kg5 32. Ka4 Bd4 33. Re2
Kf6 34. Bd5 Kg5 35. Kb5 Rf6 36. b3 Rf2 37. Re4 Bc5 38. Re5+ Kf4 39. Re6 g5 40.
Rf6+ Ke5 41. Rg6 Kf5 42. Rg7 Rxa2 43. Rf7+ Ke5 1/2-1/2

[Event "Corfu GM Tournament"]
[Site "Corfu"]
[Date "2007.10.10"]
[Round "9.4"]
[White "Simeonidis, Ioannis"]
[Black "Khetsuriani, Besarion"]
[Result "1/2-1/2"]
[WhiteElo "2268"]
[BlackElo "2337"]
[PlyCount "27"]
[EventDate "2007.10.01"]

1. e4 e5 2. Nf3 Nc6 3. Bb5 a6 4. Ba4 Nf6 5. O-O Be7 6. Re1 b5 7. Bb3 d6 8. c3
O-O 9. h3 Na5 10. Bc2 c5 11. d4 Qc7 12. d5 Bd7 13. b3 Nb7 14. a4 1/2-1/2